Parole freestyle "J'picole" par Sasso - Statistiques

Statistiques générales
  • Ce quiz a été pris 33 fois
  • Le résultat moyen est 14 sur 21
Statistiques - réponses
Hint Réponse % Correct
Y'a pas d'vrais potos dans la vie, c'est chacun sa merde, chacun ses ennuis
88%
Et rien qu'j'picole, rien qu'j'picole, j'ai d'la potion dans l' biberon
81%
Faut qu'j'misole, faut qu'j'misole, faut qu'j'accomplisse ma mission
81%
j'ai tout claqué dans le studio
81%
On peut mourir tout à l'heure mais on s'dit à demain
77%
Même si on s'parle plus, appelle si t'as besoin
77%
Il s'fait tard chacun rentre lui, moi j'vais pas rentrer, tu connais je suis khali
77%
y'a Djalil derrière les barreaux
73%
déchiré sous kamas, j'pilote n'importe comment
73%
une semaine à Porto Rico
73%
Il m'faut du khaliss, il faut que le rap ça khalass
69%
j'ai 69 appels manqués
65%
Eux et nous c'est pas l'même niveau
65%
L'Allemand vient on s'taille d'la zup
65%
tu sais pas qu'j'ai galéré avec mes deux mains
62%
J'ai fais du bénef', j'allais pas dans le sud
62%
J'prenais des 100 grammes et j'coupais des gros 20
58%
Pas d'chauffage dans la Clio, khabat sous absolut mango
50%
Vatos locos, demande à ma stup, à Ilyes, Yanzo et Navo
50%
Mode sport, j'suis 2-20, j'écris des textes, moi je suis pas devin
46%
dans un bolide allemand, y'a ma foumas devant
31%
Aucun quiz correspondant
Distribution des résultats
% des personnes avec chaque résultat
Percentile par nombre de réponses
Votre historique - résultats
Vous n’avez pas pris ce quiz